000 00763nam a2200181Ia 4500
008 151202s9999||||xx |||||||||||||| ||und||
082 _bPNVM-58093
100 _aराय सत्यजित अनु.गिते विलास.
245 _aगंगाटोकमाील गंडांतर.
260 _bसाकेत प्रकाशन औरंगाबाद.
260 _c1995
300 _a78
600 _aराय सत्यजित अनु.गिते विलास.
630 _aगंगाटोकमाील गंडांतर.
700 _aराय सत्यजित अनु.गिते विलास.
730 _aगंगाटोकमाील गंडांतर.
942 _cBOOK
999 _c1324631
_d1324628